| 000 | 00772nam a2200241 4500 | ||
|---|---|---|---|
| 003 | OSt | ||
| 005 | 20240705075118.0 | ||
| 006 | a | ||
| 008 | 240705b |||||||| |||| 00| 0 eng d | ||
| 020 | _a0309043913 | ||
| 040 |
_aDWCL-HMN lib. _cOC |
||
| 082 | _aCirc. 613.26 N976 1991 | ||
| 110 | _aSubcommittee on Nutrition During Lactation | ||
| 245 | _aNutrition during lactation / | ||
| 260 |
_aWashington, D. C. : _bThe Subcommittee, _cc1991. |
||
| 300 |
_axiii, _b309 p. : ill. , _c23 cm. |
||
| 504 | _aIncludes bibliographical references and index. | ||
| 650 | _a1. Breastfeeding-health aspects. | ||
| 650 | _a2. Lactation-Nutritional aspects. | ||
| 650 | _a3. Milk, Human-Analysis. | ||
| 650 | _a4. Infants-Development. | ||
| 942 |
_2ddc _n0 _cBK-CIRC _kCirc. |
||
| 999 |
_c2044 _d2044 |
||